| 000 | 00345 a2200133 4500 | ||
|---|---|---|---|
| 001 | 92968 | ||
| 082 | _aPR 2398 | ||
| 090 |
_c44604 _d44605 |
||
| 100 | _aAmmar Hussain,Prof Muhammad Shafique | ||
| 245 |
_aANTENNA AZIMUTH POSITION CONTROL SYSTEM _n61'B' EC |
||
| 260 |
_aIslamabad _bNUST _c2005 |
||
| 300 | _av,35p. | ||
| 500 | _aBEPROJECT REPORT | ||
| 942 |
_aCAE NUST _kPR 2398 |
||
| 999 |
_c328041 _d328041 |
||